Экспериментальное исследование процесса хемосорбции СО[2] листовым литиевым поглотителем; Перспективы развития фундаментальных наук; Т. 2 : Химия
| Parent link: | Перспективы развития фундаментальных наук=Prospects of Fundamental Sciences Development: сборник научных трудов XV Международной конференции студентов, аспирантов и молодых ученых, г. Томск, 24-27 апреля 2018 г./ Национальный исследовательский Томский политехнический университет (ТПУ) ; под ред. И. А. Курзиной, Г. А. Вороновой.— , 2018 Т. 2 : Химия.— 2018.— [С. 111-113] |
|---|---|
| Hlavní autor: | |
| Korporativní autor: | |
| Další autoři: | , , |
| Shrnutí: | Заглавие с экрана A sheet lithium absorber (LLP) was developed. The process of chemisorption of CO[2] by the developed absorber of LLP has been studied, for which experimental samples of the absorber, which have undergone experimental studies in a sealed chamber, were made. The studies were carried out under conditions of volumetric CO[2] supply to the chamber of 20 dm{3}/h, a temperature of 20 ° C and a relative humidity of 70%. A comparison with the lime composite absorber CO[2] with a polymer binder (IKS) TU 2165-301-05807954-2014 is made. Based on the results of the study, the specific sorption capacity and the specific absorption rate versus time were obtained. |
| Jazyk: | ruština |
| Vydáno: |
2018
|
| Témata: | |
| On-line přístup: | http://earchive.tpu.ru/handle/11683/50731 |
| Médium: | MixedMaterials Elektronický zdroj Kapitola |
| KOHA link: | https://koha.lib.tpu.ru/cgi-bin/koha/opac-detail.pl?biblionumber=627512 |
MARC
| LEADER | 00000naa2a2200000 4500 | ||
|---|---|---|---|
| 001 | 627512 | ||
| 005 | 20231101133450.0 | ||
| 035 | |a (RuTPU)RU\TPU\conf\27389 | ||
| 035 | |a RU\TPU\conf\27388 | ||
| 090 | |a 627512 | ||
| 100 | |a 20180911d2018 k y0rusy50 ca | ||
| 101 | 0 | |a rus |d eng | |
| 102 | |a RU | ||
| 105 | |a y z 100zy | ||
| 135 | |a drcn ---uucaa | ||
| 181 | 0 | |a i | |
| 182 | 0 | |a b | |
| 200 | 1 | |a Экспериментальное исследование процесса хемосорбции СО[2] листовым литиевым поглотителем |d Experimental study of the process of CO[2] chemosorption by sheet lithium absorption |f В. А. Еськов, М. Ю. Плотников, А. А. Тарова |g науч. рук. Р. В. Дорохов | |
| 203 | |a Текст |c электронный | ||
| 230 | |a 1 компьютерный файл (pdf; 247 Kb) | ||
| 300 | |a Заглавие с экрана | ||
| 320 | |a [Библиогр.: с. 113 (3 назв.)] | ||
| 330 | |a A sheet lithium absorber (LLP) was developed. The process of chemisorption of CO[2] by the developed absorber of LLP has been studied, for which experimental samples of the absorber, which have undergone experimental studies in a sealed chamber, were made. The studies were carried out under conditions of volumetric CO[2] supply to the chamber of 20 dm{3}/h, a temperature of 20 ° C and a relative humidity of 70%. A comparison with the lime composite absorber CO[2] with a polymer binder (IKS) TU 2165-301-05807954-2014 is made. Based on the results of the study, the specific sorption capacity and the specific absorption rate versus time were obtained. | ||
| 461 | 1 | |0 (RuTPU)RU\TPU\conf\26928 |t Перспективы развития фундаментальных наук |l Prospects of Fundamental Sciences Development |o сборник научных трудов XV Международной конференции студентов, аспирантов и молодых ученых, г. Томск, 24-27 апреля 2018 г. |o в 7 т. |f Национальный исследовательский Томский политехнический университет (ТПУ) ; под ред. И. А. Курзиной, Г. А. Вороновой |d 2018 | |
| 463 | 1 | |0 (RuTPU)RU\TPU\conf\26930 |t Т. 2 : Химия |v [С. 111-113] |d 2018 | |
| 510 | 1 | |a Experimental study of the process of CO[2] chemosorption by sheet lithium absorption |z eng | |
| 610 | 1 | |a электронный ресурс | |
| 610 | 1 | |a экспериментальные исследования | |
| 610 | 1 | |a хемосорбция | |
| 610 | 1 | |a поглотители | |
| 610 | 1 | |a углекислый газ | |
| 610 | 1 | |a гидроксид кальция | |
| 700 | 1 | |a Еськов |b В. А. | |
| 701 | 1 | |a Плотников |b М. Ю. | |
| 701 | 1 | |a Тарова |b А. А. | |
| 702 | 1 | |a Дорохов |b Р. В. |4 727 | |
| 712 | 0 | 2 | |a Корпорация "Росхимзащита" |
| 801 | 2 | |a RU |b 63413507 |c 20181005 |g RCR | |
| 856 | 4 | |u http://earchive.tpu.ru/handle/11683/50731 | |
| 942 | |c BK | ||